000 00561nam a2200205 a 4500
001 10959
003 CO-ViMGA
008 141112s2004 ck r 000 u spa d
020 _a8476158947
040 _aCO-ViMGA
_bspa
_cCO-ViMGA
082 0 4 _a636.089796 E96a
100 1 _aEzquerra Calvo Luis Javier ,
_915070
245 1 0 _aAnestesia practica de pequeños animales
250 _a1
260 _aMadrid,
_cMcGraw - Hill
300 _a252 p. il.
490 _aManuales clínicos veterinarios
650 1 4 _aANESTESIA EN VETERINARIA
_915071
942 _2ddc
_cBK
999 _c22178
_d22178